Statistiche per Stemmi Squadre di calcio - Serie A - Quiz n°4

Clicka qui per fare il quiz!

Statistiche generali

  • Questo quiz è stato fatto 248 volte
  • Il punteggio medio è 9 su 10

Statistiche sulle risposte

Risposta% Corretto
Reggina 1914
100%
Rimini Football Club
100%
Associazioni Calcio Riunite Messina
96%
Latina Calcio 1932
96%
Associazione Calcio ChievoVerona
95%
Torino Football Club
95%
Brescia Calcio
94%
Società Sportiva Juve Stabia
94%
Aurora Pro Patria 1919
83%
Carrarese Calcio 1908
50%

Distribuzione punteggi

Percentile per numero di risposta

Percentuale di utenti per punteggio

I tuoi punteggi nel tempo

Non hai fatto questo quiz